| 000 | 00643nam a22001697a 4500 | ||
|---|---|---|---|
| 003 | OSt | ||
| 005 | 20171010095511.0 | ||
| 008 | 120813t xxu||||| |||| 00| 0 eng d | ||
| 040 |
_aMMSU _cULS |
||
| 100 |
_aEncarnacion, Feliza G. _912067 |
||
| 245 |
_aThe Quality of instruction: an administrative accountability of educational managers of the Divine Word Colleges of Region I _cFeliza G. Encarnacion |
||
| 260 | _c1990 | ||
| 300 |
_axxi, 189 leaves _c28 cm. |
||
| 500 | _aThesis (Ed.D.-Educational Management) -- Mariano Marcos State University-Graduate School, Laoag City | ||
| 504 | _aBibliography: leaves 152-159 | ||
| 942 |
_2ddc _cTHEDIS |
||
| 999 |
_c9713 _d9713 |
||